<?xml version='1.0' encoding='UTF-8'?>
  <record xmlns="http://www.loc.gov/MARC21/slim">
    <leader>00000ctm a2200000 a 4500</leader>
    <controlfield tag="001">ocn965429018</controlfield>
    <controlfield tag="003">OCoLC</controlfield>
    <controlfield tag="005">20251011053635.3</controlfield>
    <controlfield tag="008">150604q15211525ne            000 0 dum d</controlfield>
    <datafield tag="040" ind1=" " ind2=" ">
      <subfield code="a">QGJ</subfield>
      <subfield code="b">dut</subfield>
      <subfield code="c">QGJ</subfield>
      <subfield code="d">OCLCL</subfield>
      <subfield code="d">OCLCQ</subfield>
    </datafield>
    <datafield tag="035" ind1=" " ind2=" ">
      <subfield code="a">(OCoLC)965429018</subfield>
    </datafield>
    <datafield tag="041" ind1="1" ind2=" ">
      <subfield code="a">dum</subfield>
      <subfield code="h">lat</subfield>
    </datafield>
    <datafield tag="245" ind1="0" ind2="0">
      <subfield code="a">Genealogie van de heren van Brederode-Kloetinge.</subfield>
      <subfield code="f">UBU Hs. 15 C 19.</subfield>
    </datafield>
    <datafield tag="260" ind1=" " ind2=" ">
      <subfield code="a">[Northern Netherlands (Brabant?)],</subfield>
      <subfield code="c">[1521-1525].</subfield>
    </datafield>
    <datafield tag="300" ind1=" " ind2=" ">
      <subfield code="a">53 fols. :</subfield>
      <subfield code="b">coat of arms ;</subfield>
      <subfield code="c">280 x 210 mm.</subfield>
    </datafield>
    <datafield tag="336" ind1=" " ind2=" ">
      <subfield code="a">text</subfield>
      <subfield code="b">txt</subfield>
      <subfield code="2">rdacontent</subfield>
    </datafield>
    <datafield tag="337" ind1=" " ind2=" ">
      <subfield code="a">unmediated</subfield>
      <subfield code="b">n</subfield>
      <subfield code="2">rdamedia</subfield>
    </datafield>
    <datafield tag="338" ind1=" " ind2=" ">
      <subfield code="a">volume</subfield>
      <subfield code="b">nc</subfield>
      <subfield code="2">rdacarrier</subfield>
    </datafield>
    <datafield tag="340" ind1=" " ind2=" ">
      <subfield code="a">paper</subfield>
      <subfield code="k">1 column, 27-29 lines, littera cursiva.</subfield>
    </datafield>
    <datafield tag="500" ind1=" " ind2=" ">
      <subfield code="a">Preliminary title.</subfield>
    </datafield>
    <datafield tag="500" ind1=" " ind2=" ">
      <subfield code="a">Genealogy of the lords of Brederode-Kloetinge (682-1514).</subfield>
    </datafield>
    <datafield tag="500" ind1=" " ind2=" ">
      <subfield code="a">Dating: early 16th century, after 1514.</subfield>
    </datafield>
    <datafield tag="500" ind1=" " ind2=" ">
      <subfield code="a">Incipit: "Dit is dat beginne vanden onderwijs hoe dat die Edel princen die greven van hollant ende van zeelant yerst gesproten siin der ouder Edelre stammen der Coningen van vranckrijck die Ierst gecomen waren vanden Edelen Conincklijcken bloede van Troyen ..."</subfield>
    </datafield>
    <datafield tag="500" ind1=" " ind2=" ">
      <subfield code="a">Contains also: Croniken ende gesten van de heeren van Brederode / Johannes a Leydis.</subfield>
    </datafield>
    <datafield tag="524" ind1=" " ind2=" ">
      <subfield code="a">Cite as: Universiteitsbibliotheek Utrecht Hs. 15 C 19.</subfield>
    </datafield>
    <datafield tag="546" ind1=" " ind2=" ">
      <subfield code="a">"Croniken ende gesten van de heeren van Brederode / Johannes a Leydis" translated from the Latin.</subfield>
    </datafield>
    <datafield tag="561" ind1=" " ind2=" ">
      <subfield code="a">Jacob Bax (lived 1517-1559); Albert Hyma (lived 1893-1978. He bought the MS on 29 January 1952 in the Erasmusboekhandel in Amsterdam); Otto Orren Fisher (sale Swann, 1979); purchased from Forum antiquarian bookseller, Houten (Febr. 1986).</subfield>
    </datafield>
    <datafield tag="561" ind1=" " ind2=" ">
      <subfield code="a">An inserted leaf (between ff. 31 and 32) contains a coat of arms with an inscription mentioning Jacob Bax.</subfield>
    </datafield>
    <datafield tag="581" ind1=" " ind2=" ">
      <subfield code="a">A.Hyma, Een onbekend handschrift van Jan van Leiden's kroniek en genealogie van Brederode ontdekt. In: De Nederlandsche Leeuw 71 (1954), kol. 126-128.</subfield>
    </datafield>
    <datafield tag="581" ind1=" " ind2=" ">
      <subfield code="a">Willemijn van Klingeren and Tino Oudesluijs, A supplement to Koert van der Horst, Illuminated and decorated medieval manuscripts in the University Library, Utrecht (1989),‍ vol. 1: Manuscripts acquired 1989-2011, loose manuscript, loose fragments (first section). P. 7, no. 2.</subfield>
    </datafield>
    <datafield tag="600" ind1="3" ind2="4">
      <subfield code="a">Brederode,</subfield>
      <subfield code="c">fam.</subfield>
    </datafield>
    <datafield tag="655" ind1=" " ind2="7">
      <subfield code="a">Handschriften (vorm)</subfield>
      <subfield code="0">088143309</subfield>
      <subfield code="2">gtt</subfield>
    </datafield>
    <datafield tag="700" ind1="1" ind2=" ">
      <subfield code="a">Bax, Jacob.</subfield>
      <subfield code="e">patron.</subfield>
      <subfield code="4">pat</subfield>
    </datafield>
    <datafield tag="700" ind1="1" ind2=" ">
      <subfield code="a">Bax, Jacob.</subfield>
      <subfield code="e">former owner.</subfield>
      <subfield code="4">fmo</subfield>
      <subfield code="5">NL-UtRU</subfield>
    </datafield>
    <datafield tag="700" ind1="1" ind2=" ">
      <subfield code="a">Hyma, Albert.</subfield>
      <subfield code="e">former owner.</subfield>
      <subfield code="4">fmo</subfield>
      <subfield code="5">NL-UtRU</subfield>
    </datafield>
    <datafield tag="700" ind1="1" ind2=" ">
      <subfield code="a">Fisher, Otto Orren.</subfield>
      <subfield code="e">former owner.</subfield>
      <subfield code="4">fmo</subfield>
      <subfield code="5">NL-UtRU</subfield>
    </datafield>
    <datafield tag="700" ind1="0" ind2=" ">
      <subfield code="a">Johannes de Leydis.</subfield>
      <subfield code="e">author</subfield>
      <subfield code="4">aut</subfield>
      <subfield code="t">Cronica illustrium dominorum de Brederueden.</subfield>
      <subfield code="l">Middle Dutch.</subfield>
    </datafield>
    <datafield tag="740" ind1="0" ind2=" ">
      <subfield code="a">Croniken ende gesten van de heeren van Brederode.</subfield>
    </datafield>
    <datafield tag="758" ind1=" " ind2=" ">
      <subfield code="a">Genealogie van de heren van Brederode-Kloetinge UBU Hs. 15 C 19 (Text)</subfield>
      <subfield code="1">https://id.oclc.org/worldcat/entity/E39PCXDQXRP7jBCwDGrFtVhVrV</subfield>
      <subfield code="4">https://id.oclc.org/worldcat/ontology/hasWork</subfield>
    </datafield>
    <datafield tag="856" ind1="4" ind2="1">
      <subfield code="u">http://objects.library.uu.nl/reader/resolver.php?obj=002660634&amp;type=2</subfield>
      <subfield code="x">Online</subfield>
      <subfield code="z">Full Text</subfield>
    </datafield>
    <datafield tag="936" ind1=" " ind2=" ">
      <subfield code="a">BATCHLOAD</subfield>
    </datafield>
  </record>